[Event "DVM U12w 2022"]
[Site "Berlin GER"]
[Date "2022.12.27"]
[Round "3"]
[White "Neurohr, Katharina"]
[Black "Ali, Maha"]
[Result "0-1"]
[Termination "normal"]
[Board "6.3"]
[WhiteElo "941"]
[BlackElo "1011"]
[WhiteTeam "TSG Oberschöneweide e.V."]
[BlackTeam "SC Borussia Lichtenberg"]
[PlyCount "78"]
[WhiteFideId "34639810"]
[BlackFideId "34626581"]
[EventCountry "GER"]
[EventRounds "7"]
[EventType "team-swiss"]
[EventDate "2022.12.26"]

{normal} 1. e4 c6 2. d4 d5 3. exd5 cxd5 4. Nf3 Bg4 5. Be2 Nd7 6. Nc3 Ngf6 7.
Bg5 h6 8. Bf4 e6 9. O-O Be7 10. h3 Bh5 11. Ne5 Bxe2 12. Nxe2 O-O 13. b3 Rc8 14.
c4 Nxe5 15. dxe5 Nh5 16. cxd5 Nxf4 17. Nxf4 Bg5 18. Qd4 Bxf4 19. Qxf4 Qxd5 20.
Rfd1 Qc5 21. Rac1 Qb6 22. Rxc8 Rxc8 23. Qd4 Qa6 24. Rd2 Rc1 25. Rd1 Rxd1 26.
Qxd1 Qxa2 27. Qd8 Kh7 28. Qd7 Qa1 29. Kh2 Qxe5 30. g3 Qb2 31. Kg2 Qxb3 32. Qxf7
a5 33. h4 a4 34. g4 a3 35. g5 Qd5 36. Kg3 Qf5 37. Qe8 a2 38. Qa8 Qe5 39. Kg4
a1=Q 0-1

[Event "DVM U12w 2022"]
[Site "Berlin GER"]
[Date "2022.12.27"]
[Round "3"]
[White "Polster, Martha"]
[Black "Türel, Tugce"]
[Result "0-1"]
[Termination "normal"]
[Board "7.1"]
[WhiteElo "1017"]
[BlackElo "1318"]
[WhiteTeam "SchVgg Blankenese von 1923 e.V."]
[BlackTeam "Schachfreunde München e.V."]
[PlyCount "55"]
[WhiteFideId "34639845"]
[BlackFideId "26350602"]
[EventCountry "GER"]
[EventRounds "7"]
[EventType "team-swiss"]
[EventDate "2022.12.26"]

{normal} 1. e4 e5 2. Nf3 Nc6 3. Nc3 Nf6 4. d4 exd4 5. Nxd4 Bc5 6. Be3 Bxd4 7.
Bxd4 d6 8. Nd5 Nxd5 9. exd5 Nxd4 10. Qxd4 O-O 11. Bd3 Qg5 12. Qe4 f5 13. Qf3
Re8 14. Be2 Bd7 15. O-O Re5 16. Rfe1 Rae8 17. Kf1 Bb5 18. Bxb5 Rxe1 19. Rxe1
Rxe1 20. Kxe1 Qc1 21. Qd1 Qxb2 22. Bc4 Qc3 23. Qd2 Qxc4 24. Qe2 Qxe2 25. Kxe2
Kf7 26. Ke3 Kf6 27. Kf4 g5 28. Kf3 {Ab hier nicht weiter nachvollziehbar} 0-1

[Event "DVM U12w 2022"]
[Site "Berlin GER"]
[Date "2022.12.27"]
[Round "3"]
[White "Mandzuk, Varvara"]
[Black "Fettan, Nua"]
[Result "1-0"]
[Termination "normal"]
[Board "7.2"]
[WhiteElo "1075"]
[BlackElo "1103"]
[WhiteTeam "Schachfreunde München e.V."]
[BlackTeam "SchVgg Blankenese von 1923 e.V."]
[PlyCount "109"]
[WhiteFideId "34638016"]
[BlackFideId "34637362"]
[EventCountry "GER"]
[EventRounds "7"]
[EventType "team-swiss"]
[EventDate "2022.12.26"]

{normal} 1. e4 e5 2. Nf3 Nc6 3. Bc4 Nf6 4. Ng5 d5 5. exd5 Nxd5 6. Nxf7 Kxf7 7.
Qf3 Ke6 8. Nc3 Nce7 9. O-O c6 10. Re1 Kd6 11. Nxd5 cxd5 12. Qa3 Kd7 13. Bb5 Nc6
14. Bxc6 bxc6 15. Qh3 Ke8 16. Rxe5 Be7 17. Qf3 Qd6 18. d4 Rf8 19. Qh5 Qg6 20.
Qh4 Rf7 21. Bg5 Be6 22. Bxe7 Rxe7 23. Rae1 h6 24. f4 Qf6 25. Qxf6 gxf6 26. Rxe6
Rxe6 27. Rxe6 Kf7 28. Rxc6 Re8 29. Rc7 Kg6 30. Rxa7 Re2 31. Rc7 Rd2 32. g3 Rxd4
33. Kf2 Rd2 34. Kf3 Rxh2 35. a4 Rh1 36. b4 Ra1 37. Ra7 Rb1 38. c3 d4 39. cxd4
Rxb4 40. a5 Rxd4 41. a6 Rd3 42. Ke4 Ra3 43. f5 Kg5 44. Rg7 Kh5 45. g4 Kh4 46.
Kd5 h5 47. gxh5 Kxh5 48. Ke6 Ra1 49. Rb7 Rc1 50. Kd7 Rd1 51. Kc8 Rc1 52. Rc7
Ra1 53. Kb8 Rb1 54. Rb7 {Partie ab hier nicht weiter nachvollziehbar.} Rxb7 55.
Kxb7 1-0

[Event "DVM U12w 2022"]
[Site "Berlin GER"]
[Date "2022.12.27"]
[Round "3"]
[White "Mehner, Clara"]
[Black "Hofmeier, Viktoria"]
[Result "1-0"]
[Termination "normal"]
[Board "8.1"]
[WhiteElo "1200"]
[BlackElo "988"]
[WhiteTeam "USG Chemnitz"]
[BlackTeam "SC Garching 1980 e.V. 2"]
[PlyCount "89"]
[WhiteFideId "34612165"]
[BlackFideId "34639675"]
[EventCountry "GER"]
[EventRounds "7"]
[EventType "team-swiss"]
[EventDate "2022.12.26"]

{normal} 1. e4 e5 2. Nf3 Nc6 3. d4 exd4 4. Bc4 Nf6 5. O-O Bc5 6. e5 Ng4 7. Re1
O-O 8. h3 Nh6 9. Bxh6 gxh6 10. Qd2 d5 11. exd6 Qxd6 12. Re4 Bf5 13. Rh4 Kg7 14.
c3 d3 15. a4 Rfe8 16. b4 Re2 17. bxc5 Qg6 18. Qd1 Rae8 19. Bxd3 R2e6 20. Rg4
Qxg4 21. hxg4 Bxg4 22. Bf1 Re1 23. Qd3 Bxf3 24. Qxf3 R8e6 25. c4 R6e5 26. Qc3
Ne7 27. f4 R1e3 28. Qb2 f6 29. fxe5 Rxe5 30. Qxb7 Rxc5 31. Qxa7 Re5 32. Qxc7
Kg6 33. a5 h5 34. a6 h4 35. a7 Rg5 36. Qxe7 h3 37. Kh2 Rf5 38. Bd3 hxg2 39.
Bxf5 Kxf5 40. a8=Q g1=Q 41. Kxg1 Kg6 42. Qae4 f5 43. Qg2 Kh6 44. Qh3 Kg6 45.
Qhxh7# 1-0

[Event "DVM U12w 2022"]
[Site "Berlin GER"]
[Date "2022.12.27"]
[Round "3"]
[White "Fruth, Julia"]
[Black "Piffczyk, Claudia"]
[Result "1-0"]
[Termination "normal"]
[Board "8.3"]
[WhiteElo "1081"]
[BlackElo "840"]
[WhiteTeam "USG Chemnitz"]
[BlackTeam "SC Garching 1980 e.V. 2"]
[PlyCount "33"]
[WhiteFideId "34603050"]
[BlackFideId "34639829"]
[EventCountry "GER"]
[EventRounds "7"]
[EventType "team-swiss"]
[EventDate "2022.12.26"]

{normal} 1. e4 e5 2. Nf3 Nc6 3. d4 exd4 4. Bc4 Nf6 5. e5 Nxe5 6. Nxe5 Qe7 7.
O-O Qxe5 8. Re1 Ne4 9. f3 Bc5 10. Rxe4 d3 11. Kh1 Qxe4 12. fxe4 O-O 13. cxd3
Re8 14. Qh5 c6 15. Qxf7 Kh8 16. Qxe8 Bf8 17. Qxf8# 1-0

[Event "DVM U12w 2022"]
[Site "Berlin GER"]
[Date "2022.12.27"]
[Round "3"]
[White "Halas, Neele Zoe"]
[Black "Mersmann, Jasmin"]
[Result "0-1"]
[Termination "normal"]
[Board "9.1"]
[WhiteElo "1413"]
[BlackElo "1187"]
[WhiteTeam "Schachgemeinschaft Leipzig"]
[BlackTeam "Karlsruher SF 1853"]
[PlyCount "80"]
[WhiteFideId "16287282"]
[BlackFideId "34630287"]
[EventCountry "GER"]
[EventRounds "7"]
[EventType "team-swiss"]
[EventDate "2022.12.26"]

{normal} 1. e4 e5 2. Nf3 Nc6 3. d4 exd4 4. Nxd4 Bc5 5. Be3 Qf6 6. c3 Nge7 7.
Bc4 O-O 8. O-O d6 9. Nxc6 Nxc6 10. Bxc5 dxc5 11. f4 Rd8 12. Qf3 Be6 13. Bxe6
Qxe6 14. Qe3 h6 15. Nd2 Rd7 16. Nb3 b6 17. Rfd1 Rad8 18. Rd2 Na5 19. Rxd7 Rxd7
20. Nxa5 bxa5 21. b3 Re7 22. Re1 c4 23. Qxa7 cxb3 24. Qb8 Kh7 25. Qxb3 Qd6 26.
g3 f6 27. Qc2 Qc6 28. Kf2 Kh8 29. Qd3 Qa4 30. Re2 Rd7 31. Qe3 Qc4 32. Rd2 Rxd2
33. Qxd2 Qxe4 34. Qe2 Qc6 35. Qd2 Qb6 36. Kg2 c5 37. Qe2 Qb1 38. Qd2 a4 39. Qe2
a3 40. Qd2 Qb2 {Partie ab hier nicht nachvollziehbar.} 0-1

[Event "DVM U12w 2022"]
[Site "Berlin GER"]
[Date "2022.12.27"]
[Round "3"]
[White "Xiao, Karoline"]
[Black "Peglau, Lorena"]
[Result "0-1"]
[Termination "normal"]
[Board "9.2"]
[WhiteElo "990"]
[BlackElo "1233"]
[WhiteTeam "Karlsruher SF 1853"]
[BlackTeam "Schachgemeinschaft Leipzig"]
[PlyCount "65"]
[WhiteFideId "16282230"]
[BlackFideId "16290542"]
[EventCountry "GER"]
[EventRounds "7"]
[EventType "team-swiss"]
[EventDate "2022.12.26"]

{normal} 1. d4 c6 2. Bf4 d5 3. e3 Nf6 4. c3 Bf5 5. Nd2 Nbd7 6. Ngf3 e6 7. Be2
c5 8. O-O Qb6 9. Qb3 Be7 10. Ne5 O-O 11. Ndf3 c4 12. Qd1 Qxb2 13. Rc1 Qxa2 14.
Bg5 Rfe8 15. Bxf6 Nxf6 16. Ng5 Rf8 17. Ra1 Qb2 18. Rc1 a5 19. Bf3 a4 20. Re1
Qb3 21. Qd2 a3 22. Ra1 a2 23. e4 Bg6 24. Re2 b5 25. Nc6 Bd8 26. Nb4 Be7 27.
Rxa2 Rxa2 28. Nxa2 Ra8 29. h3 Qb1 30. Kh2 dxe4 31. Bxe4 Bxe4 32. Nxe4 Nxe4 33.
Re3 0-1

[Event "DVM U12w 2022"]
[Site "Berlin GER"]
[Date "2022.12.27"]
[Round "3"]
[White "Bacakova, Klara"]
[Black "Khachaturyan, Viktoria"]
[Result "1/2-1/2"]
[Termination "normal"]
[Board "9.3"]
[WhiteElo "1205"]
[BlackElo "874"]
[WhiteTeam "Schachgemeinschaft Leipzig"]
[BlackTeam "Karlsruher SF 1853"]
[PlyCount "80"]
[WhiteFideId "34605762"]
[BlackFideId "16258150"]
[EventCountry "GER"]
[EventRounds "7"]
[EventType "team-swiss"]
[EventDate "2022.12.26"]

{normal} 1. e4 e5 2. d4 Bd6 3. Nf3 Nc6 4. dxe5 Bxe5 5. Bc4 Nf6 6. Bg5 Bxb2 7.
e5 Bxa1 8. exf6 gxf6 9. Qd5 Qe7 10. Be3 Qb4 11. Nbd2 O-O 12. Bh6 Qe7 13. Kd1 b5
14. Bxf8 Qxf8 15. Bxb5 Nd4 16. Nxd4 Bb7 17. Qxd7 Rd8 18. Qg4 Kh8 19. Nf5 Bc8
20. Qf4 Bxf5 21. Qxf5 Kg8 22. Bd3 Qh6 23. Qg4 Kf8 24. f4 f5 25. Qxf5 Qd6 26.
Qxh7 Qxf4 27. Qh8 Ke7 28. Re1 Kd7 29. Qh3 Kc6 30. Qf3 Qxf3 31. gxf3 Bc3 32. Rh1
Rg8 33. Be4 Kc5 34. Nb3 Kb6 35. h4 Rd8 36. Kc1 a5 37. a4 c5 38. Rd1 Bb2 39.
Kxb2 Rxd1 40. h5 c4 1/2-1/2

[Event "DVM U12w 2022"]
[Site "Berlin GER"]
[Date "2022.12.27"]
[Round "3"]
[White "Du, Melina"]
[Black "Wu, Zixuan Anja"]
[Result "1-0"]
[Termination "normal"]
[Board "9.4"]
[WhiteElo "793"]
[BlackElo "934"]
[WhiteTeam "Karlsruher SF 1853"]
[BlackTeam "Schachgemeinschaft Leipzig"]
[PlyCount "38"]
[WhiteFideId "34639659"]
[BlackFideId "34639934"]
[EventCountry "GER"]
[EventRounds "7"]
[EventType "team-swiss"]
[EventDate "2022.12.26"]

{normal} 1. e4 e5 2. Nf3 Nc6 3. Nc3 Nf6 4. a3 Bc5 5. Nxe5 Nxe5 6. d4 Bd6 7.
dxe5 Bxe5 8. Bg5 h6 9. Bh4 d6 10. Bb5 Bd7 11. O-O Bxb5 12. Nxb5 O-O 13. Bxf6
Bxf6 14. Qg4 Bxb2 15. Ra2 Be5 16. Re1 d5 17. exd5 Qxd5 18. c4 Qe6 19. Qxe6 fxe6
{Partie ab hier nicht nachvollziehbar} 1-0